Music Quiz

Random Music or Bands Quiz
Score 0/23 Timer 08:00
3 Plays Today
Year (# of weeks) Artist % Correct
1964 (18)The Beatles
85.5%
1983 (14)Michael Jackson
68.7%
1960 (14)Elvis Presley
64.4%
2018 (25)Drake
43.2%
1995 (13)Mariah Carey
42.9%
2005 (15)Mariah Carey
42.9%
1996 (13)Mariah Carey
42.9%
2017 (16)Luis Fonsi & Daddy Yankee featuring Justin Bieber
41.9%
2003 (17)Beyoncé
41.8%
2019 (18+)Lil Nas X
34.2%
2009 (26)Black Eyed Peas
28.6%
2004 (28)Usher
27.7%
Year (# of weeks) Artist % Correct
2015 (14)Mark Ronson ft Bruno Mars
27.1%
1978 (13)The Bee Gees
25.6%
2008 (13)T.I.
20.5%
1992 (13)Boyz II Men
16.1%
1994 (17)Boyz II Men
16.1%
2003 (13)50 Cent
14.1%
1997 (19)Puff Daddy
10.3%
2002 (17)Nelly
10.3%
1996 (14)Los Del Rio
4.9%
1998 (13)Brandy
4.6%
1998 (18)Monica
4.1%
Come Together.
Have Fun.
All Virtual.
We all need to come together. Play Sporcle's virtual live trivia to have fun, connect with people, and get your trivia on. Join a live hosted trivia game for your favorite pub trivia experience done virtually. If a virtual private party is more your thing, go here for details.

You're not logged in!

Compare scores with friends on all Sporcle quizzes.
OR
Log In

Sporcle TV

Today on Sporcle TV


Watch our educational content, quiz creation guides, and fun videos on Sporcle TV.

Show Comments

Extras

Top Quizzes Today


Score Distribution

Paid Content

Your Account Isn't Verified!

In order to create a playlist on Sporcle, you need to verify the email address you used during registration. Go to your Sporcle Settings to finish the process.

Report this User

Report this user for behavior that violates our Community Guidelines.

Details: